000 01311nam a2200313 i 4500
001 000015721
003 DO-SdBNP
005 20260427094650.0
007 ta
008 100217s1980 dr 000 0 spa d
040 _aDO-SdBNP
_bspa
_cBNPHU
_erda
041 _aspa
082 4 _a331.1097293
_bH117p
_222
111 2 _aSeminario hacia una política de empleo en la República Dominicana
_d(1979 :
_cLa Romana)
_935385
245 1 0 _aHacia una política de empleo en la República Dominicana.
264 _aSanto Domingo :
_bSecretariado Técnico de la Presidencia,
_c1980.
300 _a247 páginas ;
_c26 cm.
336 _atexto
_btxt
_2rdacontent
337 _asin mediación
_bn
_2rdamedia
338 _avolumen
_bnc
_2rdacarrier
500 _aIncluye referencias bibliográficas y notas al pie de las páginas
590 _aInventariado, 2019/MFF
650 7 _aMercado de trabajo
_zRepública Dominicana
_vCongresos, conferencias, etc.
_2LIBRUNAM
_919058
650 7 _aPolítica de pleno empleo
_vCongresos, conferencias, etc.
_zRepública Dominicana
_985585
_2LIBRUNAM
650 7 _aDesempleo
_935388
_2LIBRUNAM
710 1 _aRepública Dominicana
_bSecretariado Técnico de la Presidencia
_bOficina Nacional de Planificación
_911062
910 _aValidado. Control de calidad MFF
942 _2ddc
_cLBS1
999 _c15271
_d15271